| 000 | 00641cam a2200265ua 4500 | ||
|---|---|---|---|
| 020 | _c32.60 | ||
| 041 |
_aeng _h |
||
| 082 |
_a530 _bDUN/TE |
||
| 100 | _aDuncan, . | ||
| 245 |
_aText book of physics / _cJ Duncan. _hTextual Documents |
||
| 250 |
_a2 / _b. |
||
| 260 |
_aNewyork : _bMacMillan and Company Limited , _c1957. |
||
| 300 | _a1063 ; . | ||
| 365 | _a32.60 | ||
| 504 | _a | ||
| 650 | _aHeat | ||
| 650 | _aMechanics | ||
| 650 | _aProperties of matter | ||
| 700 | 1 | _aDevassy, C.P . | |
| 700 | 1 | _aDuncan, J . | |
| 700 | 1 | _aStarling, S G . | |
| 700 | 1 | _aStarling, S G . | |
| 942 | _cBK | ||
| 999 |
_c123 _d123 |
||